Antworten mit gleichem Anfangs- und Endbuchstaben: X – Z - Statistiken

Allgemein
  • Dieses Quiz wurde 208 mal gespielt
  • Das Durchschnittsergebnis liegt bei 9 aus 24
Antwortstatistiken
Hinweis Antwort % Korrekt
Spielkonsole von Microsoft Xbox
93%
"jährlich" auf Englisch yearly
78%
Ort, an dem man campen kann Zeltplatz
67%
ein gewisses Extra Zusatz
59%
nicht die Hauptwohnung Zweitwohnsitz
56%
Maßnahme zur Sicherheit von Menschen, die vor Gericht aussagen Zeugenschutz
49%
die härteste Substanz im menschlichen Körper Zahnschmelz
44%
kann man zum Feuermachen benutzen Zündholz
42%
Beatles-Klassiker, angeblich der meistgecoverte Popsong aller Zeiten Yesterday
36%
Wenn dieser härtesten Substanz etwas zugestoßen ist, hilft manchmal nur noch so etwas, z. B. in Form einer Brücke, einer Prothese oder eines Implantats. Zahnersatz
36%
z. B. Xylit, Erythrit, Stevia, Ahornsirup Zuckerersatz
36%
Entgelt für die Überlassung von Kapital, in Prozent ausgedrückt Zinssatz
34%
99 in römischen Zahlen XCIX
29%
Gegen Ende des Schuljahres findet eine ... (16 Buchstaben) statt. Dabei entscheiden die Lehrer über die Noten der Schüler und ob sie in die nächsthöhere Klassenstufe versetzt werden (bzw. österreichisch: in die nächsthöhere Klasse aufsteigen). Zeugniskonferenz
27%
Hersteller von Scannern, Druckern, Kopierern, Faxgeräten u. Ä. Xerox
26%
Material, aus dem eine bestimmte Baumart (Nationalsymbol des Libanon) besteht Zedernholz
26%
Schweizer Fußballverein mit Sitz in Neuenburg (Neuchâtel) Xamax
22%
Miniausgabe einer deutschen Hunderasse, aus Tierschutzgründen sehr umstritten, wird auch "Pomeranian" genannt (10 Buchstaben) Zwergspitz
22%
Begriff aus der Mathematik für ein Berechnungsverfahren (Beispiel: 1 Sack Reis kostet 3 Euro. Wie viel kosten 5 Säcke Reis?) Zweisatz
20%
Repertoire an Buchstaben, Ziffern, Symbolen und anderen Schriftzeichen Zeichensatz
18%
Wenn Ihnen diese Rätsel, in denen es um Wörter und Buchstaben geht, nicht gefallen, können Sie als Nächstes ja ein ... (10 Buchstaben) spielen. Trotzdem: Danke fürs Spielen! Zahlenquiz
10%
Stadt in Sachsen-Anhalt mit über 27.000 Einwohnern Zeitz
10%
Fazit, nachdem erst ein Teil eines Ereignisses oder Prozesses abgeschlossen ist (14 Buchstaben) Zwischenbilanz
9%
Feier für junge, karrierebewusste Stadtmenschen (11 Buchstaben) Yuppie-Party
7%
Keine übereinstimmenden Quizze gefunden
Verteilung der Resultate
Anzahl Personen mit jedem Resultat
Perzentil nach korrekt beantworteten Fragen
Ihre Resultats-Entwicklung
Sie haben dieses Quiz noch nicht gespielt